Theorie und Anwendungen harmonischer Integrale /

Guardado en:
Autor Principal: Hodge, W. V. D. 1903-
Otros Autores: Ziegler, Viktor. (Traductor)
Formato: Libro
Idioma:German
English
Publicado: Leipzig : B. G. Teubner, 1958.
Etiquetas: Agregar Etiqueta
Sin Etiquetas, Sea el primero en etiquetar este registro!
LEADER 00755nam a22001935a 4500
001 MAT.inmabb001386
008 031124s1958####gw############000#0#ger#d
005 20170815151030.0
245 1 0 |a Theorie und Anwendungen harmonischer Integrale /  |c von W. V. D. Hodge ; [deutsche Überstzung, Viktor Ziegler]. 
260 |a Leipzig :  |b B. G. Teubner,  |c 1958. 
300 |a viii, 246 p. ;  |c 22 cm. 
500 |a Traducción de: The theory and applications of harmonic integrals. 2ª ed. Cambridge University Press, 1952. 
510 4 |a MR,  |c 21 #229 
100 1 |a Hodge, W. V. D.  |q (William Vallance Douglas),  |d 1903- 
700 1 |a Ziegler, Viktor.  |4 trl 
084 |a 31.00 (14.00)  |2 msc2000 
010 |a  59053068  
041 1 |a ger  |h eng 
859 |h 31  |i H688  |p A-1646  |b BIB. MATEMATICA